000 00930nam a22002535i 4500
001 155223
003 ES-MaACL
005 20250819054657.0
008 991104s1859 fr a |||| | fre d
040 _aEUS
_bspa
_cEUS
100 1 _aHello, Ernest.
_962459
245 1 0 _aM. Renard, l'Allemagne et l'atheisme au XIX siècle /
_cpar Ernest Hello.
260 _aParis :
_bCharles Douniol...,
_c1859 (
_fImprimerie de W. Remquet et C\pe\s)
300 _a173 p. ;
_c23 cm.
596 _aColofón.
596 1 _aMarca de ed. en port.
596 _aFirma ms. del ed. en v. de antep.
597 _aSignaturizado.
597 _aAntep.
600 1 4 _aRenan, Ernest,
_d1823-1892
_996168
650 0 7 _aAteísmo
_2embne
_910395
852 _aES-MaACL
_jT-255-F-2
_z-- Enc. hol., falto de la cub. original
_z-- Enc. en un vol. facticio
_z-- Ejemp. autentificado con la firma del ed. en v. antep.
999 _c155223
_d155223